Un sistema de indicadores para el seguimiento de la cohesión social en América Latina (Registro nro. 3995)
[ vista simple ]
| 000 -LEADER | |
|---|---|
| fixed length control field | 01111 a2200217 4500 |
| 001 - CONTROL NUMBER | |
| control field | 45775 |
| 005 - DATE AND TIME OF LATEST TRANSACTION | |
| control field | 20260407155729.0 |
| 008 - FIXED-LENGTH DATA ELEMENTS--GENERAL INFORMATION | |
| fixed length control field | 260407a2007 arg spa d |
| 003 - CONTROL NUMBER IDENTIFIER | |
| control field | AR-UNSa-BCEJYS |
| 040 ## - CATALOGING SOURCE | |
| Original cataloging agency | AR-UNSa-BCEJYS |
| Language of cataloging | spa |
| Transcribing agency | AR-UNSa-BCEJYS |
| 080 ## - UNIVERSAL DECIMAL CLASSIFICATION NUMBER | |
| Universal Decimal Classification number | 308 |
| Common auxiliary subdivision | Sociografía. Estudios descriptivos de la sociedad (cualitativos y cuantitativos) |
| 041 ## - LANGUAGE CODE | |
| Language code of text/sound track or separate title | spa |
| 100 1# - MAIN ENTRY--PERSONAL NAME | |
| Personal name | Feres, Juan Carlos |
| 245 10 - TITLE STATEMENT | |
| Title | Un sistema de indicadores para el seguimiento de la cohesión social en América Latina |
| 264 #1 - PRODUCTION, PUBLICATION, DISTRIBUTION, MANUFACTURE, AND COPYRIGHT NOTICE | |
| Place of production, publication, distribution, manufacture | Santiago de Chile : |
| Name of producer, publisher, distributor, manufacturer | CEPAL (Comisión Económica para América Latina y el Caribe) |
| Date of production, publication, distribution, manufacture, or copyright notice | 2007 |
| 300 ## - PHYSICAL DESCRIPTION | |
| Extent | 172 p. |
| Dimensions | 23 cm. |
| 505 ## - FORMATTED CONTENTS NOTE | |
| Formatted contents note | 1. Introducción – 2. Antecedentes generales – 3. Marco conceptual – 4. Distancias : dimensiones e indicadores – 5. Mecanismos institucionales de inclusión-exclusión : dimensiones e indicadores – 6. Sentido de pertenencia : dimensiones e indicadores – 7. Fichas técnicas. |
| 590 ## - LOCAL NOTE (RLIN) | |
| Local note | niveau_biblio:m niveau_hierar:0 |
| 856 41 - ELECTRONIC LOCATION AND ACCESS | |
| Uniform Resource Identifier | <a href="https://www.biblioeco.unsa.edu.ar/pmb/images/libros/L127177.jpg">https://www.biblioeco.unsa.edu.ar/pmb/images/libros/L127177.jpg</a> |
| Link text | Imagen de portada |
| Electronic format type | image/jpeg |
| 942 ## - ADDED ENTRY ELEMENTS (KOHA) | |
| Koha item type | |
| Withdrawn status | Lost status | Damaged status | Not for loan | Home library | Current library | Shelving location | Date acquired | Total checkouts | Full call number | Barcode | Date last seen | Price effective from | Koha item type |
|---|---|---|---|---|---|---|---|---|---|---|---|---|---|
| Biblioteca Prof. Eusebio Cleto del Rey | Biblioteca Prof. Eusebio Cleto del Rey | 07/04/2026 | 308 F349 | L127177 | 07/04/2026 | 07/04/2026 | Libro |